Dos grandes maestros del taoismo / (Record no. 89499)

MARC details
000 -LEADER
campo de control de longitud fija 00726nam a2200217 i 4500
001 - NÚMERO DE CONTROL
campo de control 89499
003 - IDENTIFICADOR DE NÚMERO DE CONTROL
campo de control ES-MaACL
005 - FECHA Y HORA DE LA ÚLTIMA TRANSACCIÓN
campo de control 20250805063248.0
007 - CAMPO FIJO DE DESCRIPCIÓN FÍSICA--INFORMACIÓN GENERAL
campo de control de longitud fija t|
008 - DATOS DE LONGITUD FIJA--INFORMACIÓN GENERAL
campo de control de longitud fija 050111s1977 sp ||||1| spa d
100 0# - ENTRADA PRINCIPAL--NOMBRE DE PERSONA
Nombre de persona Laozi
9 (RLIN) 241542
245 10 - MENCIÓN DEL TÍTULO
Título Dos grandes maestros del taoismo /
Mención de responsabilidad, etc. Lao Tse, Chuang Tzu ; edición preparada por Carmelo Elorduy.
260 ## - PUBLICACIÓN, DISTRIBUCIÓN, ETC.
Lugar de publicación, distribución, etc. Madrid :
Nombre del editor, distribuidor, etc. Editora Nacional,
Fecha de publicación, distribución, etc. [1977]
300 ## - DESCRIPCIÓN FÍSICA
Extensión 646 p. ;
Dimensiones 18 cm.
490 1# - MENCIÓN DE SERIE
Mención de serie Biblioteca de la literatura y el pensamiento universales
700 1# - ENTRADA AGREGADA--NOMBRE PERSONAL
Nombre de persona Chuang-tzu.
9 (RLIN) 38679
700 1# - ENTRADA AGREGADA--NOMBRE PERSONAL
Nombre de persona Elorduy, Carmelo.
9 (RLIN) 47075
830 0# - PUNTO DE ACCESO ADICIONAL DE SERIE-TÍTULO UNIFORME
Título uniforme Biblioteca de la literatura y el pensamiento universales
9 (RLIN) 182217
852 ## - LOCALIZACIÓN
Ubicación ES-MaACL
Número de control de estantería A-7884
Holdings
Estatus retirado Estado de pérdida Estado de daño No para préstamo Biblioteca de origen Biblioteca actual Ubicación en estantería Fecha de adquisición Fuente de adquisición Total de préstamos Signatura topográfica completa Código de barras Visto por última vez Precio de reemplazo Tipo de ítem Koha
        Biblioteca del Ateneo de Madrid Biblioteca del Ateneo de Madrid Sala Pecera Planta 1 17/01/2008     A-7884 1093471 23/02/2023 23/02/2023 Libro impreso